000 00395nam a2200157Ia 4500
008 090711s9999 xx 000 0 und d
082 _b23179
100 _aबुवा वि. आ.
245 _aफिरकी
300 _a183
600 _aबुवा वि. आ.
630 _aफिरकी
700 _aबुवा वि. आ.
730 _aफिरकी
942 _cBOOK
999 _c299522
_d299522